Sports Quiz

Random Sports or Basketball Quiz

NCAA ACC Basketball Teams Quiz Stats

 Plays Quiz not verified by Sporcle

Score 0/12 Timer 05:00
0 Plays Today
% Correct
Duke
100%
North Carolina
98.6%
Virginia
89.2%
Virginia Tech
87.8%
Clemson
86.5%
Wake Forest
85.1%
Boston College
81.1%
Florida State
79.7%
Maryland
77%
NC State
75.7%
Georgia Tech
71.6%
Miami FL
44.6%

You're not logged in!

Compare scores with friends on all Sporcle quizzes.
OR
Log In

Show Comments

Extras

Created Feb 15, 2012ReportNominate
Tags:Basketball Quiz, NCAA Quiz, ACC, team

Top Quizzes Today


Score Distribution

Your Account Isn't Verified!

In order to create a playlist on Sporcle, you need to verify the email address you used during registration. Go to your Sporcle Settings to finish the process.

Report this User

Report this user for behavior that violates our Community Guidelines.

Details: